[Event "Mittelfranken Mitte-ch"]
[Site "Nuremberg"]
[Date "2017.01.07"]
[Round "5"]
[White "Leuschner, Guenter"]
[Black "Muenzenberg, Dietrich"]
[Result "1-0"]
[WhiteElo "1923"]
[BlackElo "1688"]
[PlyCount "55"]
[EventDate "2017.01.05"]
[EventType "swiss"]
[EventRounds "7"]
[EventCountry "GER"]
[SourceTitle "EXT 2018"]
[Source "ChessBase"]
[SourceDate "2017.10.13"]
[SourceVersion "1"]
[SourceVersionDate "2017.10.13"]
[SourceQuality "1"]

1. d4 f5 2. Nf3 d5 3. e3 e6 4. Bd3 Bd6 5. c4 c6 6. Nc3 Nf6 7. Qc2 Ne4 8. Bd2 Qf6 9. cxd5 exd5 10. Nxd5 cxd5 11. Qxc8+ Qd8 12. Qxb7 Nd7 13. Qxd5 Nxd2 14. Nxd2 Bb4 15. Bxf5 Bxd2+ 16. Kxd2 Rb8 17. Bxd7+ Qxd7 18. Qxd7+ Kxd7 19. b3 Rhf8 20. f3 Rb6 21. Rac1 Rg6 22. Rhg1 Rff6 23. Ke2 Ra6 24. Rc2 Rh6 25. h3 Rag6 26. Kf2 Rc6 27. Rgc1 a6 28. Rxc6 1-0

[Event "GER-chA Seniors 27th"]
[Site "Magdeburg"]
[Date "2015.08.20"]
[Round "6"]
[White "Wawrinsky, Ludwig"]
[Black "Leuschner, Guenter"]
[Result "0-1"]
[WhiteElo "1843"]
[BlackElo "2001"]
[PlyCount "120"]
[EventDate "2015.08.15"]
[EventType "swiss"]
[EventRounds "9"]
[EventCountry "GER"]
[SourceTitle "EXT 2018"]
[Source "ChessBase"]
[SourceDate "2017.10.13"]
[SourceVersion "1"]
[SourceVersionDate "2017.10.13"]
[SourceQuality "1"]

1. e4 d6 2. d4 e6 3. Nc3 Nd7 4. g3 b6 5. Bg2 Bb7 6. Nge2 Ne7 7. Be3 g6 8. Qd2 Nf5 9. exf5 Bxg2 10. Rg1 Bh3 11. fxe6 fxe6 12. Nf4 Bg4 13. h3 e5 14. dxe5 Nxe5 15. hxg4 Nf3+ 16. Ke2 Nxd2 17. Kxd2 Qd7 18. Rge1 0-0-0 19. Rad1 Bg7 20. g5 Rde8 21. Kc1 a5 22. Ncd5 Qb5 23. c3 Kb7 24. Nf6 Re5 25. Nd3 Re7 26. Nf4 a4 27. N4d5 a3 28. b3 Rf7 29. c4 Qa5 30. Bd2 Qa8 31. Bc3 h6 32. gxh6 Bxh6+ 33. Kc2 Rhf8 34. f4 Bg7 35. Re6 Qd8 36. Nh7 Rh8 37. Bxg7 Rxg7 38. Ng5 Rh2+ 39. Rd2 Rxd2+ 40. Kxd2 Qh8 41. Re2 Rd7 42. Kd3 Qh1 43. Nc3 Qg1 44. Nge4 Rh7 45. b4 Qf1 46. Kd2 Rh1 47. b5 Qc1+ 48. Kd3 Rf1 49. Nd2 Rg1 50. Nde4 Qf1 51. Ke3 Qh3 52. Kf3 Kc8 53. Rd2 Qe6 54. Kf2 Rc1 55. Rd4 Rc2+ 56. Rd2 Rc1 57. Rd4 Qh3 58. Rd2 Qf1+ 59. Ke3 Qxc4 60. Rd4 Rxc3+ 0-1

[Event "GER-chA Seniors 27th"]
[Site "Magdeburg"]
[Date "2015.08.15"]
[Round "1"]
[White "Leuschner, Guenter"]
[Black "Kunz, Konstantin"]
[Result "0-1"]
[WhiteElo "2001"]
[BlackElo "2213"]
[PlyCount "76"]
[EventDate "2015.08.15"]
[EventType "swiss"]
[EventRounds "9"]
[EventCountry "GER"]
[SourceTitle "EXT 2018"]
[Source "ChessBase"]
[SourceDate "2017.10.13"]
[SourceVersion "1"]
[SourceVersionDate "2017.10.13"]
[SourceQuality "1"]

1. d4 Nf6 2. Nf3 e6 3. g3 b6 4. Bg2 Bb7 5. 0-0 c5 6. c4 cxd4 7. Nxd4 Bxg2 8. Kxg2 d6 9. Nc3 a6 10. e4 Nbd7 11. Qe2 Rc8 12. Bd2 Be7 13. Rac1 0-0 14. b3 Re8 15. Nf3 Qc7 16. Rfd1 h6 17. h3 Rcd8 18. Bf4 Qc6 19. Kg1 g5 20. Bxd6 Bxd6 21. e5 Ba3 22. Rc2 Nh7 23. h4 Ndf8 24. hxg5 Rxd1+ 25. Qxd1 hxg5 26. Qe2 Rd8 27. Ne4 Be7 28. Rc1 Qd7 29. Ne1 Qd4 30. Qf3 Qxe5 31. Nd3 Qd4 32. Ne1 f5 33. Nc3 g4 34. Qe2 Ng5 35. Rc2 Bb4 36. Qe3 Qxe3 37. fxe3 Bxc3 38. Rxc3 Rd1 0-1

[Event "Bayern-ch Seniors op 27th"]
[Site "Bergen"]
[Date "2015.06.15"]
[Round "6"]
[White "Leuschner, Guenter"]
[Black "Hein, Manfred"]
[Result "1/2-1/2"]
[WhiteElo "1757"]
[BlackElo "1850"]
[PlyCount "166"]
[EventDate "2015.06.15"]
[EventType "swiss"]
[EventRounds "9"]
[EventCountry "GER"]
[SourceTitle "EXT 2019"]
[Source "ChessBase"]
[SourceDate "2018.10.10"]
[SourceVersion "1"]
[SourceVersionDate "2018.10.10"]
[SourceQuality "1"]

1. d4 d5 2. Nf3 Nc6 3. e3 Nf6 4. a3 Bg4 5. Be2 e6 6. Nbd2 Be7 7. c4 0-0 8. 0-0 dxc4 9. Nxc4 Ne4 10. Ncd2 Nxd2 11. Bxd2 Bd6 12. Bc3 Ne7 13. e4 c6 14. Qd2 Bc7 15. Qg5 Bxf3 16. Bxf3 Ng6 17. Qxd8 Raxd8 18. g3 Rd7 19. Rad1 Rfd8 20. Rd2 c5 21. Rfd1 cxd4 22. Rxd4 Rxd4 23. Rxd4 Rxd4 24. Bxd4 b6 25. b3 Be5 26. Be3 Kf8 27. Be2 Ke7 28. f4 Bb2 29. a4 Kd6 30. Kf1 Bc3 31. Bb5 f6 32. Ke2 e5 33. Kd3 Bb4 34. f5 Ne7 35. g4 Bc5 36. Bd2 Nc6 37. h4 a5 38. g5 Nd4 39. gxf6 gxf6 40. Bc4 Nf3 41. Bh6 Nxh4 42. Bg8 Ng2 43. Bxh7 Kc6 44. Bg8 b5 45. Bd5+ Kb6 46. Bd2 Bb4 47. Bc1 Bc5 48. Bf7 Ne1+ 49. Ke2 Nc2 50. Be8 Nd4+ 51. Kd3 Nxb3 52. Bh6 bxa4 53. Bxa4 Nd4 54. Kc4 Be7 55. Be3 Kc7 56. Kd5 Ne2 57. Ke6 Bd8 58. Bc5 Nc3 59. Bd6+ Kc8 60. Bd7+ Kb7 61. Bxe5 fxe5 62. Kxe5 Kc7 63. Be6 Be7 64. Kd4 Nb5+ 65. Kc4 Nd6+ 66. Kb3 Nxe4 67. Ka4 Bb4 68. Kb5 Kd6 69. Kc4 Ke5 70. Kb5 Nd6+ 71. Ka4 Nxf5 72. Bg8 Ne7 73. Bf7 Nc6 74. Bg8 Nd4 75. Bd5 Kf4 76. Be4 Ke3 77. Bd5 Kd2 78. Bc4 Kc3 79. Bd5 Kb2 80. Bc4 Bd2 81. Bd5 Bb4 82. Bc4 Kc3 83. Bd5 Nf5 1/2-1/2

[Event "Bayern-ch op Seniors 26th"]
[Site "Bergen"]
[Date "2014.06.28"]
[Round "8"]
[White "Leuschner, Guenter"]
[Black "Schroeder, Klaus"]
[Result "1/2-1/2"]
[WhiteElo "1755"]
[BlackElo "1680"]
[PlyCount "76"]
[EventDate "2014.06.21"]
[EventType "swiss"]
[EventRounds "7"]
[EventCountry "GER"]
[SourceTitle "EXT 2018"]
[Source "ChessBase"]
[SourceDate "2017.10.13"]
[SourceVersion "1"]
[SourceVersionDate "2017.10.13"]
[SourceQuality "1"]

1. d4 c5 2. e3 d5 3. Nf3 e6 4. Be2 Bd6 5. b3 b6 6. Bb2 Nf6 7. Nbd2 Bb7 8. Ne5 0-0 9. 0-0 Nfd7 10. f4 f5 11. Ndf3 Nf6 12. Qe1 Bxe5 13. Nxe5 Nbd7 14. Ba3 Nxe5 15. fxe5 Ne4 16. Rc1 Rc8 17. c4 Rf7 18. Bd3 Rfc7 19. cxd5 Bxd5 20. Ba6 Bb7 21. Bc4 Bd5 22. Ba6 Bb7 23. Bxb7 Rxb7 24. dxc5 Nxc5 25. Rd1 Rd7 26. Qe2 Ne4 27. Bb2 Rd2 28. Rxd2 Qxd2 29. Qxd2 Nxd2 30. Rd1 Rc2 31. Bc1 Ne4 32. a4 Nc5 33. Ba3 Ne4 34. h3 Rc7 35. Rd8+ Kf7 36. Rf8+ Kg6 37. Re8 Kf7 38. Rf8+ Kg6 1/2-1/2

[Event "Bayern-ch op Seniors 26th"]
[Site "Bergen"]
[Date "2014.06.24"]
[Round "4"]
[White "Leuschner, Guenter"]
[Black "Mehlhorn, Dieter"]
[Result "1/2-1/2"]
[WhiteElo "1755"]
[BlackElo "1656"]
[PlyCount "112"]
[EventDate "2014.06.21"]
[EventType "swiss"]
[EventRounds "7"]
[EventCountry "GER"]
[SourceTitle "EXT 2018"]
[Source "ChessBase"]
[SourceDate "2017.10.13"]
[SourceVersion "1"]
[SourceVersionDate "2017.10.13"]
[SourceQuality "1"]

1. c4 e5 2. Nc3 Nf6 3. g3 Nc6 4. Bg2 d6 5. Nf3 Be6 6. d3 h6 7. Qb3 Rb8 8. 0-0 Be7 9. Nd5 0-0 10. Nxe7+ Qxe7 11. Qc3 e4 12. Nd4 Nxd4 13. Qxd4 exd3 14. exd3 a6 15. b3 Rfd8 16. Bb2 Ne8 17. Qe3 Qd7 18. Rfe1 d5 19. Qf4 dxc4 20. dxc4 Qd2 21. Ba3 Qxf4 22. gxf4 Rd4 23. f5 Bxf5 24. Bc5 Rg4 25. Kh1 b6 26. Be3 Rd8 27. h3 Rg6 28. Kh2 Rdd6 29. c5 bxc5 30. Bxc5 Rde6 31. Be3 Be4 32. f3 Bb7 33. Bf4 Rxe1 34. Rxe1 Re6 35. Rxe6 fxe6 36. Kg3 Nd6 37. Be5 Kf7 38. Bf1 Nf5+ 39. Kf2 c6 40. Bd3 Ne7 41. Ke3 Nf5+ 42. Kd2 c5 43. f4 g5 44. Kc3 Bg2 45. fxg5 hxg5 46. Bxa6 Bxh3 47. Bd3 g4 48. Kc4 g3 49. Kxc5 g2 50. Bh2 Nh4 51. Be4 Bf5 52. Bc6 e5 53. Bxg2 Nxg2 54. Bxe5 Ke6 55. Bd4 Nf4 56. b4 Nd3+ 1/2-1/2

[Event "Bayern-ch Seniors 24nd"]
[Site "Bergen"]
[Date "2012.06.18"]
[Round "3"]
[White "Lueders, Guenter"]
[Black "Leuschner, Guenter"]
[Result "1/2-1/2"]
[WhiteElo "1674"]
[BlackElo "1830"]
[PlyCount "71"]
[EventDate "2012.06.16"]
[EventType "swiss"]
[EventRounds "9"]
[EventCountry "GER"]
[SourceTitle "EXT 2015"]
[Source "ChessBase"]
[SourceDate "2014.11.20"]
[SourceVersion "1"]
[SourceVersionDate "2014.11.20"]
[SourceQuality "1"]

1. d4 Nf6 2. Nf3 d5 3. Bf4 e6 4. Nbd2 Nbd7 5. h3 c5 6. c3 Be7 7. e3 0-0 8. Be2 a5 9. a4 b6 10. 0-0 Bb7 11. Bb5 Ba6 12. Bxa6 Rxa6 13. Qe2 Ra8 14. e4 dxe4 15. Nxe4 Nd5 16. Bg3 Rc8 17. Rfd1 cxd4 18. Nxd4 N5f6 19. Nxf6+ Bxf6 20. Nxe6 fxe6 21. Qxe6+ Rf7 22. Qb3 Qe8 23. Re1 Qf8 24. Rad1 Kh8 25. Qb5 Rc5 26. Qb3 Rc6 27. Qb5 Rc5 28. Qb3 Re7 29. Re6 Rxe6 30. Qxe6 Ne5 31. Qxb6 h5 32. Rd6 Rc8 33. Rd5 Rb8 34. Qxa5 Rxb2 35. Rxe5 Bxe5 36. Qxe5 1/2-1/2

[Event "Bad Griesbach Seniors op 14th"]
[Site "Bad Griesbach"]
[Date "2011.12.06"]
[Round "3"]
[White "Pribyl, Josef"]
[Black "Leuschner, Guenter"]
[Result "1-0"]
[WhiteElo "2249"]
[BlackElo "1816"]
[PlyCount "35"]
[EventDate "2011.12.04"]
[EventType "swiss"]
[EventRounds "7"]
[EventCountry "GER"]
[SourceTitle "EXT 2015"]
[Source "ChessBase"]
[SourceDate "2014.11.20"]
[SourceVersion "1"]
[SourceVersionDate "2014.11.20"]
[SourceQuality "1"]

1. e4 g6 2. d4 Bg7 3. Nc3 d6 4. f4 Nd7 5. Nf3 c5 6. d5 Nh6 7. Be2 a6 8. a4 0-0 9. 0-0 b6 10. Kh1 Kh8 11. Qe1 Bb7 12. Ng5 Nf6 13. Qh4 Bc8 14. Be3 Nfg8 15. f5 e6 16. dxe6 fxe6 17. fxg6 hxg6 18. Nf7+ 1-0

[Event "Bad Griesbach Seniors op 14th"]
[Site "Bad Griesbach"]
[Date "2011.12.05"]
[Round "2"]
[White "Leuschner, Guenter"]
[Black "Kiefer, Herbert"]
[Result "1-0"]
[WhiteElo "1816"]
[BlackElo "1727"]
[PlyCount "47"]
[EventDate "2011.12.04"]
[EventType "swiss"]
[EventRounds "7"]
[EventCountry "GER"]
[SourceTitle "EXT 2015"]
[Source "ChessBase"]
[SourceDate "2014.11.20"]
[SourceVersion "1"]
[SourceVersionDate "2014.11.20"]
[SourceQuality "1"]

1. d4 d5 2. c4 dxc4 3. Nf3 Nf6 4. Qa4+ c6 5. Qxc4 e6 6. g3 a5 7. Bg2 Bb4+ 8. Nbd2 Nbd7 9. 0-0 0-0 10. a3 Be7 11. Re1 Nb6 12. Qc2 Bd7 13. Nb3 Na4 14. Bf4 Nd5 15. Bd2 b5 16. Ne5 Ra6 17. Rad1 Bf6 18. Nxd7 Qxd7 19. Bxa5 Rfa8 20. e4 Nc7 21. Bb4 Be7 22. Nc5 Bxc5 23. dxc5 Qc8 24. b3 1-0

[Event "Bayern-ch Seniors 23rd"]
[Site "Bergen"]
[Date "2011.06.04"]
[Round "8"]
[White "Kelchner, Hans"]
[Black "Leuschner, Guenter"]
[Result "1-0"]
[WhiteElo "2083"]
[BlackElo "1797"]
[PlyCount "65"]
[EventDate "2011.05.28"]
[EventType "swiss"]
[EventRounds "9"]
[EventCountry "GER"]
[SourceTitle "EXT 2012"]
[Source "ChessBase"]
[SourceDate "2011.11.24"]
[SourceVersion "1"]
[SourceVersionDate "2011.11.24"]
[SourceQuality "1"]

1. d4 d5 2. c4 c6 3. cxd5 cxd5 4. Nc3 Nf6 5. Bf4 Nc6 6. e3 g6 7. Nf3 Bg7 8. Qb3 0-0 9. h3 Qa5 10. Nd2 Qb4 11. Be2 Qxb3 12. Nxb3 b6 13. g4 Nb4 14. 0-0 Ba6 15. Bxa6 Nxa6 16. g5 Nh5 17. Nxd5 e6 18. Ne7+ Kh8 19. Bh2 Rfe8 20. Nc6 Bf8 21. Ne5 Kg8 22. Ng4 Red8 23. a3 Bd6 24. Bxd6 Rxd6 25. Rac1 Rad8 26. Nd2 Nb8 27. Rc7 R6d7 28. Rfc1 Kf8 29. Ne5 Re7 30. Ne4 Rde8 31. Rxe7 Rxe7 32. Rc8+ Re8 33. Rxb8 1-0

[Event "Bayern-ch Seniors 23rd"]
[Site "Bergen"]
[Date "2011.05.31"]
[Round "4"]
[White "Leuschner, Guenter"]
[Black "Malik, Heinz"]
[Result "1/2-1/2"]
[WhiteElo "1797"]
[BlackElo "1614"]
[PlyCount "99"]
[EventDate "2011.05.28"]
[EventType "swiss"]
[EventRounds "9"]
[EventCountry "GER"]
[SourceTitle "EXT 2012"]
[Source "ChessBase"]
[SourceDate "2011.11.24"]
[SourceVersion "1"]
[SourceVersionDate "2011.11.24"]
[SourceQuality "1"]

1. d4 Nf6 2. c4 e6 3. Nc3 b6 4. e4 d5 5. e5 Ne4 6. Nxe4 dxe4 7. a3 a5 8. Be3 Bb7 9. Ne2 Nd7 10. Nc3 c5 11. Qg4 cxd4 12. Bxd4 g6 13. Nxe4 Bxe4 14. Qxe4 Bg7 15. Be2 0-0 16. Rd1 Qc7 17. f4 Nc5 18. Qe3 a4 19. 0-0 Rfd8 20. h3 Rab8 21. Qc1 Nb3 22. Qe3 Nxd4 23. Rxd4 Bf8 24. Rxd8 Rxd8 25. Kh1 Bc5 26. Qe4 Rd2 27. Bf3 Qd8 28. Qc6 Qd4 29. Qxa4 Qxb2 30. Qe8+ Kg7 31. a4 Qd4 32. f5 Qxe5 33. fxg6 hxg6 34. Be2 Qc7 35. Bg4 Qe7 36. Qb8 Qd8 37. Qe5+ Kg8 38. Bxe6 Rf2 39. Bxf7+ Kxf7 40. Rxf2+ Bxf2 41. g4 Bc5 42. Qf4+ Qf6 43. Qc7+ Qe7 44. Qf4+ Kg7 45. Kg2 Qe2+ 46. Kg3 Qe1+ 47. Kf3 Qf2+ 48. Ke4 Qd4+ 49. Kf3 Qf2+ 50. Ke4 1/2-1/2

[Event "Bayern-ch Seniors 23rd"]
[Site "Bergen"]
[Date "2011.05.29"]
[Round "2"]
[White "Leuschner, Guenter"]
[Black "Siegmund, Rainer"]
[Result "1/2-1/2"]
[WhiteElo "1797"]
[BlackElo "2053"]
[PlyCount "96"]
[EventDate "2011.05.28"]
[EventType "swiss"]
[EventRounds "9"]
[EventCountry "GER"]
[SourceTitle "EXT 2012"]
[Source "ChessBase"]
[SourceDate "2011.11.24"]
[SourceVersion "1"]
[SourceVersionDate "2011.11.24"]
[SourceQuality "1"]

1. d4 Nf6 2. c4 e6 3. Nf3 b6 4. g3 Ba6 5. Qc2 c5 6. Bg2 Bb7 7. 0-0 cxd4 8. Nxd4 Bxg2 9. Kxg2 Qc8 10. Qd3 Nc6 11. Nxc6 Qxc6+ 12. Qf3 Qxf3+ 13. Kxf3 Rc8 14. b3 d5 15. cxd5 Nxd5 16. Ba3 Nb4 17. Bxb4 Bxb4 18. a3 Be7 19. Ra2 0-0 20. Rd1 Rc7 21. Rad2 Rfc8 22. a4 Kf8 23. Rd3 Ke8 24. Nd2 Rd8 25. Nc4 Rxd3+ 26. Rxd3 Bc5 27. e4 f6 28. Ke2 Rd7 29. f3 Rxd3 30. Kxd3 Kd7 31. g4 Kc6 32. Kc3 a6 33. Nb2 Bd6 34. h4 Be5+ 35. Kc2 Bg3 36. h5 Kc5 37. Nd3+ Kd4 38. Kd2 Bd6 39. Nb2 Bf4+ 40. Ke2 Kc3 41. Nd3 Bd6 42. Nc1 Kc2 43. Nd3 Kxb3 44. f4 e5 45. g5 exf4 46. h6 gxh6 47. gxf6 Kc4 48. e5 Kd5 1/2-1/2

[Event "Mittelfranken-chTB2b 1011"]
[Site "Germany"]
[Date "2011.05.15"]
[Round "9.3"]
[White "Guenther, Torsten"]
[Black "Leuschner, Guenter"]
[Result "1-0"]
[WhiteElo "1970"]
[BlackElo "1814"]
[PlyCount "119"]
[EventDate "2010.09.26"]
[EventType "team-tourn"]
[EventRounds "9"]
[EventCountry "GER"]
[SourceTitle "EXT 2012"]
[Source "ChessBase"]
[SourceDate "2011.11.24"]
[SourceVersion "1"]
[SourceVersionDate "2011.11.24"]
[SourceQuality "1"]
[WhiteTeam "Erlangen Siemens"]
[BlackTeam "Nuernberg SK 1911 II"]
[WhiteTeamCountry "GER"]
[BlackTeamCountry "GER"]

1. c4 e5 2. g3 d6 3. Bg2 c6 4. Nc3 Be6 5. d3 Nf6 6. e4 Nbd7 7. Nge2 g6 8. 0-0 Bg7 9. h3 0-0 10. f4 Nb6 11. f5 Bd7 12. g4 Ne8 13. Be3 f6 14. Qb3 c5 15. h4 Bc6 16. Ng3 Nc8 17. Qc2 Qd7 18. Rf2 Ne7 19. Kh2 b6 20. Bh3 Qd8 21. Raf1 Rb8 22. Qd2 Rb7 23. Rg1 Kh8 24. Nd5 Ng8 25. g5 Bxd5 26. cxd5 Re7 27. Rgf1 Nc7 28. Qd1 Qe8 29. Bg4 fxg5 30. hxg5 gxf5 31. Nxf5 Rd7 32. Kg2 Rd8 33. Rh1 Nb5 34. Rh3 Nd4 35. Qh1 h6 36. Kg1 Qa4 37. b3 Qa5 38. Kg2 Qb5 39. gxh6 Bf6 40. Bxd4 exd4 41. h7 Ne7 42. Nh6 Ng6 43. Qf1 Kg7 44. Ng8 Bh4 45. Bf5 Bxf2 46. Bxg6 Kh8 47. Nh6 Rd7 48. Bf5 Be3 49. Bxd7 Rxf1 50. Bxb5 Rf2+ 51. Kg3 Rf6 52. Nf5 Bd2 53. Bd7 Rg6+ 54. Kf3 Bg5 55. Be6 Rf6 56. Kg4 Be3 57. Nxd6 Rg6+ 58. Kf3 Rf6+ 59. Ke2 Bh6 60. Nf7+ 1-0

[Event "Mittelfranken-chTB2b 1011"]
[Site "Germany"]
[Date "2011.04.03"]
[Round "8.4"]
[White "Leis, Stefan"]
[Black "Leuschner, Guenter"]
[Result "1-0"]
[WhiteElo "1889"]
[BlackElo "1814"]
[PlyCount "75"]
[EventDate "2010.09.26"]
[EventType "team-tourn"]
[EventRounds "9"]
[EventCountry "GER"]
[SourceTitle "EXT 2012"]
[Source "ChessBase"]
[SourceDate "2011.11.24"]
[SourceVersion "1"]
[SourceVersionDate "2011.11.24"]
[SourceQuality "1"]
[WhiteTeam "Muehlhof/Schwabach"]
[BlackTeam "Nuernberg SK 1911 II"]
[WhiteTeamCountry "GER"]
[BlackTeamCountry "GER"]

1. d4 d5 2. e4 c6 3. Nc3 dxe4 4. f3 Nf6 5. fxe4 Bg4 6. Nge2 e6 7. Bg5 Be7 8. Qd2 Nbd7 9. h3 Bh5 10. 0-0-0 Qa5 11. Kb1 Bb4 12. g4 Bg6 13. Qe3 Nb6 14. a3 Bxa3 15. bxa3 Nc4 16. Qc1 Nxa3+ 17. Kb2 Nc4+ 18. Kb3 b5 19. Bxf6 gxf6 20. Ng3 Qc7 21. Rg1 a5 22. Bxc4 a4+ 23. Ka2 bxc4 24. Qa3 Rd8 25. Nf5 Bxf5 26. gxf5 Qh2 27. Qxa4 Rc8 28. d5 Qxh3 29. Qa3 Qh2 30. fxe6 Qxc2+ 31. Ka1 cxd5 32. exf7+ Kxf7 33. Rg7+ Kxg7 34. Qe7+ Kg6 35. Rg1+ Kh5 36. Qf7+ Kh4 37. Qxf6+ Kh3 38. Qh6# 1-0

[Event "Mittelfranken-chTB2b 1011"]
[Site "Germany"]
[Date "2011.02.13"]
[Round "6.4"]
[White "Leuschner, Guenter"]
[Black "Kittsteiner, Peter"]
[Result "0-1"]
[WhiteElo "1814"]
[BlackElo "1853"]
[PlyCount "96"]
[EventDate "2010.09.26"]
[EventType "team-tourn"]
[EventRounds "9"]
[EventCountry "GER"]
[SourceTitle "EXT 2012"]
[Source "ChessBase"]
[SourceDate "2011.11.24"]
[SourceVersion "1"]
[SourceVersionDate "2011.11.24"]
[SourceQuality "1"]
[WhiteTeam "Nuernberg SK 1911 II"]
[BlackTeam "Buechenbach/Roth II"]
[WhiteTeamCountry "GER"]
[BlackTeamCountry "GER"]

1. d4 d5 2. c4 e5 3. dxe5 d4 4. Nf3 Nc6 5. g3 Nge7 6. Bg2 Ng6 7. 0-0 Ngxe5 8. Nxe5 Nxe5 9. Qb3 c6 10. Bf4 Ng6 11. Bd2 Bd6 12. Na3 0-0 13. Nc2 c5 14. e3 Qf6 15. Rad1 Be6 16. exd4 cxd4 17. Bb4 Bxb4 18. Qxb4 Rfd8 19. b3 Rd7 20. Rd2 Rad8 21. Rfd1 Bg4 22. Re1 h6 23. Qc5 b6 24. Qc6 Be6 25. Red1 Ne5 26. Qe4 Bf5 27. Qe1 Bg4 28. Rc1 Bf3 29. Bh3 Bc6 30. Qd1 Nf3+ 31. Kf1 Nxd2+ 32. Qxd2 Re7 33. Bg2 Bf3 34. Re1 Bxg2+ 35. Kxg2 Qc6+ 36. Kg1 Rxe1+ 37. Qxe1 Qe6 38. Qd2 Qe5 39. a4 Qe4 40. h4 d3 41. Ne3 Qf3 42. b4 Qe2 43. Nf1 Qxd2 44. Nxd2 Re8 45. Kf1 Re2 46. Nf3 Rc2 47. Ke1 Rxc4 48. Kd2 Rxb4 0-1

[Event "Niedersachsen-ch Seniors op 13th"]
[Site "Bad Bevensen"]
[Date "2010.07.12"]
[Round "7"]
[White "Vladov, Mark"]
[Black "Leuschner, Guenter"]
[Result "0-1"]
[WhiteElo "1700"]
[BlackElo "1814"]
[PlyCount "94"]
[EventDate "2010.07.06"]
[EventType "swiss"]
[EventRounds "9"]
[EventCountry "GER"]
[SourceTitle "EXT 2012"]
[Source "ChessBase"]
[SourceDate "2011.11.24"]
[SourceVersion "1"]
[SourceVersionDate "2011.11.24"]
[SourceQuality "1"]

1. d4 Nf6 2. c4 e6 3. Nf3 Be7 4. Nc3 d5 5. g3 c6 6. b3 0-0 7. Bg2 Bb4 8. Bd2 Nbd7 9. 0-0 Qe7 10. Qc2 Bxc3 11. Bxc3 Ne4 12. Bb2 f5 13. a4 Qf6 14. Rad1 Qh6 15. h3 Qh5 16. Qd3 Ndf6 17. Ne5 Ng5 18. h4 Nge4 19. Ba3 Rd8 20. Bf3 Qe8 21. Kh2 b6 22. Bg2 Ba6 23. f3 Nd6 24. Qc2 Rac8 25. Rfe1 Nf7 26. Nxf7 Qxf7 27. e4 dxe4 28. fxe4 Ng4+ 29. Kh3 c5 30. exf5 exf5 31. d5 Bb7 32. Re2 Rd7 33. Rf1 Rf8 34. b4 Rc7 35. bxc5 bxc5 36. Bh1 Bc8 37. Rf4 Qd7 38. h5 g5 39. hxg6 Qg7 40. Bb2 Qh6+ 41. Kg2 Qh2+ 42. Kf3 Qxh1+ 43. Rg2 Re7 44. gxh7+ Kxh7 45. Rxg4 Qd1+ 46. Re2 Qxe2+ 47. Qxe2 fxg4+ 0-1

[Event "Niedersachsen-ch Seniors op 13th"]
[Site "Bad Bevensen"]
[Date "2010.07.06"]
[Round "1"]
[White "Brueckner, Ewald"]
[Black "Leuschner, Guenter"]
[Result "0-1"]
[WhiteElo "1589"]
[BlackElo "1814"]
[PlyCount "76"]
[EventDate "2010.07.06"]
[EventType "swiss"]
[EventRounds "9"]
[EventCountry "GER"]
[SourceTitle "EXT 2012"]
[Source "ChessBase"]
[SourceDate "2011.11.24"]
[SourceVersion "1"]
[SourceVersionDate "2011.11.24"]
[SourceQuality "1"]

1. f4 d5 2. Nf3 Nf6 3. e3 g6 4. Be2 Bg7 5. c3 0-0 6. 0-0 c5 7. d4 c4 8. b3 cxb3 9. axb3 Bf5 10. Bd3 Ne4 11. Bxe4 Bxe4 12. Nbd2 Bf5 13. Re1 Nd7 14. Ne5 f6 15. Nxd7 Qxd7 16. e4 dxe4 17. Nxe4 Qc6 18. Ng3 Qxc3 19. Ba3 Bc2 20. Qe2 Qxd4+ 21. Kh1 Bxb3 22. Qxe7 Rfe8 23. Qxb7 Rxe1+ 24. Rxe1 Bd5 25. Qb5 Bf7 26. Qc6 Rd8 27. Bc5 Qd2 28. Ra1 Bd5 29. Ne4 Bxc6 30. Nxd2 Rxd2 31. Rg1 a5 32. h4 Bf8 33. Be3 Rc2 34. Kh2 a4 35. Kh3 a3 36. Bd4 Bd6 37. Bxf6 Bxf4 38. g3 Bd7+ 0-1

[Event "Bad Bevensen Seniors op 12th"]
[Site "Bad Bevensen"]
[Date "2009.07.08"]
[Round "2"]
[White "Geisensetter, Franz"]
[Black "Leuschner, Guenter"]
[Result "1-0"]
[WhiteElo "1956"]
[BlackElo "1848"]
[PlyCount "67"]
[EventDate "2009.07.07"]
[EventType "swiss"]
[EventRounds "9"]
[EventCountry "GER"]
[SourceTitle "EXT 2022"]
[Source "ChessBase"]
[SourceDate "2021.10.06"]
[SourceVersion "1"]
[SourceVersionDate "2021.10.06"]
[SourceQuality "1"]

1. e4 d5 2. exd5 Qxd5 3. d4 c6 4. c4 Qd6 5. Nc3 Bf5 6. Nf3 Nf6 7. Be2 e6 8. Ne5 Nbd7 9. Bf4 Nxe5 10. Bxe5 Qd8 11. Qb3 Qd7 12. 0-0 Be7 13. Bf3 0-0 14. Rad1 Rad8 15. d5 exd5 16. cxd5 Nxd5 17. Nxd5 cxd5 18. Bxd5 Be6 19. Qg3 f6 20. Bb3 Qc6 21. Rc1 Qa6 22. Bc7 Rde8 23. Rfe1 Bxb3 24. Qxb3+ Kh8 25. Re6 b6 26. Qe3 Rf7 27. Bd6 Qxa2 28. b3 Qa6 29. Bxe7 Qb7 30. Ba3 Rxe6 31. Qxe6 h6 32. Qf5 Rc7 33. Re1 Qc8 34. Qg6 1-0